| 000 | 00817cab a2200241 4500 | ||
|---|---|---|---|
| 001 | ABS60396 | ||
| 008 | 090401t1999 xxu||||| |||| 00| 0 eng d | ||
| 035 | _a(Sirsi) u93192 | ||
| 041 | _aeng | ||
| 100 | _aAlderson, F. | ||
| 245 | _aStaying power tested | ||
| 260 | _c1999 | ||
| 350 | _a0 | ||
| 490 |
_aConstruction News _v(6613) 29 April 1999, 16(1) |
||
| 650 | _aADDITIONAL WORKS | ||
| 650 | _aAL-NAIMI V ISLAMIC PRESS AGENCY INCORPORATED | ||
| 650 | _aMANAGEMENT-DISPUTE AVOIDANCE, MANAGEMENT AND RESOLUTION-DISPUTE MANAGEMENT AND RESOLUTION-ARBITRATION | ||
| 650 | _aBUILT ENVIRONMENT-BUILDING CONTRACT FORMS | ||
| 650 | _aSTAY OF ARBITRATION | ||
| 690 | _aMANAGEMENT-DISPUTE AVOIDANCE, MANAGEMENT AND RESOLUTION-DISPUTE MANAGEMENT AND RESOLUTION-ARBITRATION | ||
| 942 | _n0 | ||
| 948 | _c07/05/1999 | ||
| 999 |
_c59068 _d59068 |
||